How do managers work with digital communication media in international business relationship? Focus group results of managers`experiences of digital media use for relationship building

Kvalitatíva štúdia o medzinárodných obchodných rokovaniach a osobných obchodných vzťahoch.

Enregistré dans:
Détails bibliographiques
Auteur principal: Torsein, Ellinor
Format: Chapitre de livre
Langue:anglais
Sujets:
Tags: Ajouter un tag
Pas de tags, Soyez le premier à ajouter un tag!

MARC

LEADER 00000naa a2200000 4500
001 0225728
005 20220722103737.7
041 0 |a eng 
044 |a SK 
245 1 0 |a How do managers work with digital communication media in international business relationship? Focus group results of managers`experiences of digital media use for relationship building  |c Ellinor Torsein 
520 |a Kvalitatíva štúdia o medzinárodných obchodných rokovaniach a osobných obchodných vzťahoch. 
610 2 0 |a komunikácia elektronická 
610 2 0 |a vzťahy obchodné 
610 2 0 |a manažéri 
610 2 0 |a podnikanie medzinárodné 
100 1 |a Torsein, Ellinor